000 00654nam a2200229Ia 4500
005 20260430150213.0
008 008 250103s9999 xx 000 0 eng d
037 _aTheses
040 _aCRL
040 _beng
040 _ceng
041 _2eng
041 _aeng
084 _qCRL
100 _aSingh Manvi Au.; Rajagopal Govindaswamy Gu.
_91236785
245 0 _aNarratives of suffering and Resistance: Representation of Dalit Women characters in select dalit and non dalit Writings
260 _c2021
300 _a266p.
700 _aUniversity of Delhi. Faculty of Arts. Department of MIL
942 _cTH
999 _c1849208
_d1849208